000 01361nam0a2200349 i 4500
001 RU\NLR\BIBL_A\010414054
005 20260406094540.0
010 _a9785000571002
_94000
021 _aRU
_b2014-36049
_92199
035 _a(NILC)RuMoRGB-007492042
035 _a(NLR Aleph) 010414054
090 _a9777137
_c9777137
100 _a20140709d2014 u y0rusy50 ca
101 1 _arus
_ceng
102 _aRU
105 _ac|||z|||001yy
200 1 _aМотивация
_fБрайан Трейси
_g[пер. с англ. Елены Ивченко]
210 _aМосква
_cМанн, Иванов и Фербер
_d2014
215 _a128 с.
_cпортр.
_d21
300 _aЗагл. и авт. ориг.: Motivation / Brian Tracy
320 _aДр. произведения авт. на 3-й с.
454 0 _12001#$aMotivation$fBrian Tracy
_1700#1$aTracy$bB.$f1944-$gBrian$3RU\NLR\AUTH\7769296
_tMotivation
_aTracy, Brian (1944-)
606 _aКадры
_xТруд
_xМотивация
_92180954
_3RU\NLR\AUTH\661311546
610 0 _aмотивация
686 1 _aС550.44
700 1 _8rus
_7ca
_aТрейси
_bБ.
_f1944-
_gБрайан
_3RU\NLR\AUTH\7769295
_952223
801 0 _aRU
_bРГБ
_c20140519
_gRCR
801 1 _aRU
_bРГБ
_c20140519
_2rusmarc
942 _cBOOK
980 _aNBR